[Event "British Chess Championship 2010"]
[Site "Canterbury ENG"]
[Date "2010.07.31"]
[Round "6.32"]
[White "Ball, Laurence"]
[Black "Messam-Sparks, Lateefah"]
[Result "1/2-1/2"]
[WhiteElo "2106"]
[BlackElo "1904"]
[PlyCount "77"]
[EventDate "2010.07.27"]
[EventType "swiss"]
[EventRounds "11"]
[EventCountry "ENG"]
[Source "lmi"]
[SourceDate "2010.07.25"]

1. e4 c5 2. Nf3 Nc6 3. d4 cxd4 4. Nxd4 e6 5. Nc3 a6 6. g3 Be7 7. Bg2 Qc7 8. O-O
Nf6 9. Nb3 d6 10. f4 h5 11. Qe2 Bd7 12. a4 Na5 13. Nxa5 Qxa5 14. h3 Qb6+ 15.
Qe3 Qxe3+ 16. Bxe3 e5 17. f5 Bc6 18. Rfd1 O-O 19. a5 Rfd8 20. Kf2 g6 21. fxg6
fxg6 22. Rd2 Rf8 23. Kg1 Rac8 24. Rad1 Kg7 25. Rd3 Rc7 26. R1d2 Kh7 27. Bg5 Kg7
28. Rf2 Ne8 29. Bxe7 Rxe7 30. Rxf8 Kxf8 31. Nd5 Bxd5 32. Rxd5 Rc7 33. c3 Ke7
34. Rd3 Nf6 35. Kf2 Rc4 36. Ke3 Rc5 37. b4 Rc4 38. Bh1 Ke6 39. Bg2 1/2-1/2

[Event "British Chess Championship 2010"]
[Site "Canterbury ENG"]
[Date "2010.07.31"]
[Round "6.33"]
[White "Tambini, Jasper"]
[Black "Jones, Victor G L"]
[Result "0-1"]
[WhiteElo "1890"]
[BlackElo "2105"]
[PlyCount "64"]
[EventDate "2010.07.27"]
[EventType "swiss"]
[EventRounds "11"]
[EventCountry "ENG"]
[Source "lmi"]
[SourceDate "2010.07.25"]

1. d4 Nf6 2. Nf3 g6 3. Bf4 Bg7 4. Nbd2 O-O 5. e4 d6 6. Bd3 Bg4 7. c3 e5 8. Be3
Nc6 9. dxe5 Nxe5 10. Be2 Bxf3 11. gxf3 Qd7 12. Qb3 c6 13. O-O-O b5 14. h3 Qe7
15. Qa3 a5 16. f4 b4 17. Qb3 Ned7 18. c4 Nxe4 19. Nxe4 Qxe4 20. Rhe1 a4 21. Qd3
Nf6 22. Qxd6 b3 23. axb3 axb3 24. Bd3 Qf3 25. Bb1 Ra4 26. Bd3 Ne4 27. Bxe4 Qxe4
28. Qd3 Qxc4+ 29. Kb1 Ra1+ 30. Kxa1 Qa4+ 31. Kb1 Qa2+ 32. Kc1 Qxb2# 0-1

[Event "British Chess Championship 2010"]
[Site "Canterbury ENG"]
[Date "2010.07.31"]
[Round "6.34"]
[White "Almond, Richard J"]
[Black "Combie, Alex B"]
[Result "1/2-1/2"]
[WhiteElo "2148"]
[BlackElo "2018"]
[PlyCount "47"]
[EventDate "2010.07.27"]
[EventType "swiss"]
[EventRounds "11"]
[EventCountry "ENG"]
[Source "lmi"]
[SourceDate "2010.07.25"]

1. d4 Nf6 2. c4 g6 3. Nc3 Bg7 4. e4 d6 5. Nf3 O-O 6. Be2 e5 7. O-O Nc6 8. d5
Ne7 9. Ne1 Nd7 10. f3 f5 11. g4 Kh8 12. h4 Nf6 13. Nd3 c6 14. Be3 Bd7 15. Nf2
Qc7 16. b4 cxd5 17. Nxd5 Nexd5 18. cxd5 Qc3 19. Qb3 Qxb3 20. axb3 a6 21. Rfc1
Rac8 22. Bb6 Rxc1+ 23. Rxc1 Rc8 24. Rxc8+ 1/2-1/2

[Event "British Chess Championship 2010"]
[Site "Canterbury ENG"]
[Date "2010.07.31"]
[Round "6.35"]
[White "Freeman, Richard C P"]
[Black "Bucher, Grant W"]
[Result "1/2-1/2"]
[WhiteElo "2056"]
[BlackElo "2012"]
[PlyCount "99"]
[EventDate "2010.07.27"]
[EventType "swiss"]
[EventRounds "11"]
[EventCountry "ENG"]
[Source "lmi"]
[SourceDate "2010.07.25"]

1. c4 Nf6 2. g3 g6 3. Bg2 d5 4. cxd5 Nxd5 5. Nc3 Nb6 6. d3 Bg7 7. Be3 O-O 8.
Qd2 Re8 9. Bh6 Bh8 10. h4 Nc6 11. h5 f5 12. hxg6 hxg6 13. Nf3 e5 14. O-O-O Nd5
15. Bf8 f4 16. Bh6 Nxc3 17. bxc3 Qd6 18. gxf4 exf4 19. Bxf4 Qa3+ 20. Qb2 Qxb2+
21. Kxb2 Rxe2+ 22. Rd2 Rxd2+ 23. Nxd2 Be5 24. Bd5+ Kf8 25. Bxe5 Nxe5 26. d4 Nd7
27. Ne4 Kg7 28. Ng5 Nf8 29. Re1 Bd7 30. f4 Kf6 31. Re5 c6 32. Ne4+ Kg7 33. Re7+
Kh6 34. Bb3 b5 35. Bd1 Re8 36. Rxe8 Bxe8 37. Nf6 Bf7 38. Bf3 Kg7 39. Ng4 Be8
40. Ne5 Ne6 41. Nxc6 Bxc6 42. Bxc6 b4 43. d5 bxc3+ 44. Kxc3 Nxf4 45. Kd4 Kf6
46. Kc5 Ke5 47. Bb7 Nd3+ 48. Kc4 Nf4 49. Kc5 Nd3+ 50. Kc4 1/2-1/2

[Event "British Chess Championship 2010"]
[Site "Canterbury ENG"]
[Date "2010.07.31"]
[Round "6.36"]
[White "Pleasants, Allan J"]
[Black "Mayhew, Andrew"]
[Result "0-1"]
[WhiteElo "2032"]
[BlackElo "2085"]
[PlyCount "79"]
[EventDate "2010.07.27"]
[EventType "swiss"]
[EventRounds "11"]
[EventCountry "ENG"]
[Source "lmi"]
[SourceDate "2010.07.25"]

1. Nf3 b5 2. d4 Bb7 3. e3 a6 4. a4 bxa4 5. Nc3 e6 6. Nxa4 f5 7. Be2 Nf6 8. O-O
Be7 9. c4 O-O 10. Nc3 Nc6 11. Qa4 Qe8 12. Rd1 Qh5 13. d5 Bd6 14. c5 Bxc5 15.
dxc6 Bxc6 16. Qf4 Bd6 17. Ne5 Qe8 18. Qd4 Bb7 19. b3 Qe7 20. Bb2 Bc5 21. Qf4 d6
22. Nd3 Bb6 23. Bf3 Ne4 24. h4 e5 25. Qh2 Nxc3 26. Bxb7 Nxd1 27. Bxa8 Nxe3 28.
Rxa6 Ng4 29. Bd5+ Kh8 30. Qh3 e4 31. Nf4 Nxf2 32. Qg3 Nd3+ 33. Kh1 Bf2 34. Qh2
Nxb2 35. g3 e3 36. h5 Qg5 37. Ne6 Qxg3 38. Qxg3 Bxg3 39. Nxf8 e2 40. Ng6+ 0-1

[Event "British Chess Championship 2010"]
[Site "Canterbury ENG"]
[Date "2010.07.31"]
[Round "6.38"]
[White "Dines, Sheila J"]
[Black "Fegan, Chris"]
[Result "1/2-1/2"]
[WhiteElo "1931"]
[BlackElo "2051"]
[PlyCount "113"]
[EventDate "2010.07.27"]
[EventType "swiss"]
[EventRounds "11"]
[EventCountry "ENG"]
[Source "lmi"]
[SourceDate "2010.07.25"]

1. e4 e6 2. d4 d5 3. Nd2 c5 4. c3 Nc6 5. Ne2 cxd4 6. Nxd4 Nf6 7. Nxc6 bxc6 8.
e5 Nd7 9. f4 Bc5 10. Nb3 Bb6 11. Bd3 O-O 12. Qh5 g6 13. Qh6 c5 14. h4 f5 15.
Bc2 Qe7 16. h5 Qg7 17. Qg5 a5 18. a4 Ba6 19. Be3 Rac8 20. O-O-O Rc6 21. Rd2
Rfc8 22. hxg6 Qxg6 23. Qh4 Bd8 24. Qh2 d4 25. g4 d3 26. gxf5 Qxf5 27. Rg2+ Kf7
28. Qxh7+ Qxh7 29. Rxh7+ Ke8 30. Rg8+ Nf8 31. Bd1 Be7 32. Bh5+ Kd7 33. Nxc5+
Rxc5 34. Bxc5 Nxh7 35. Rxc8 Bxc8 36. Bxe7 Kxe7 37. Bg6 Nf8 38. Bxd3 Nd7 39. b4
Nb6 40. bxa5 Nxa4 41. Kc2 Nc5 42. Bb5 Kd8 43. Kb2 Ba6 44. c4 Bxb5 45. cxb5 Nd3+
46. Kc3 Nxf4 47. Kd4 Kc7 48. Ke4 Ne2 49. Kd3 Nf4+ 50. Kd4 Ng6 51. Ke4 Ne7 52.
Kd4 Ng6 53. Kc5 Nxe5 54. b6+ Kb7 55. Kd6 Nc4+ 56. Kxe6 Nxa5 57. Kd6 1/2-1/2

[Event "British Chess Championship 2010"]
[Site "Canterbury ENG"]
[Date "2010.07.31"]
[Round "6.39"]
[White "Krzyzanowski, Patryk"]
[Black "Doran, Chris"]
[Result "1-0"]
[WhiteElo "2030"]
[BlackElo "1997"]
[PlyCount "119"]
[EventDate "2010.07.27"]
[EventType "swiss"]
[EventRounds "11"]
[EventCountry "ENG"]
[Source "lmi"]
[SourceDate "2010.07.25"]

1. d4 Nf6 2. c4 g6 3. Nc3 Bg7 4. Nf3 O-O 5. Bf4 d6 6. e3 c5 7. Be2 Nc6 8. h3 b6
9. O-O Bb7 10. Re1 Rc8 11. Qd2 cxd4 12. exd4 a6 13. d5 Na5 14. b3 b5 15. Rac1
Ba8 16. cxb5 Rxc3 17. Qxc3 Nxd5 18. Qd2 axb5 19. Bxb5 Qb6 20. Bf1 Nxf4 21. Qxf4
Nc6 22. Bc4 Ne5 23. Nxe5 Bxe5 24. Rxe5 dxe5 25. Qxe5 Qb7 26. Bf1 e6 27. Rc7 Qb4
28. Bc4 Bd5 29. Bxd5 exd5 30. Rd7 Qd2 31. Rxd5 Qxa2 32. Rb5 Qa7 33. Ra5 Qb6 34.
Qd5 Qc7 35. g3 Qc8 36. Kg2 Rd8 37. Qf3 Qb8 38. Rd5 Rxd5 39. Qxd5 h5 40. h4 Qb4
41. Qc4 Qb7+ 42. Kg1 Kf8 43. b4 Ke7 44. Qc5+ Kd7 45. b5 Qc7 46. Qxc7+ Kxc7 47.
Kg2 Kb6 48. Kf3 Kxb5 49. Ke4 Kc6 50. Ke5 Kd7 51. Kf6 Ke8 52. f4 Kf8 53. f5 gxf5
54. Kxf5 Kg7 55. Kg5 f6+ 56. Kxh5 Kh7 57. Kg4 Kg6 58. Kf4 Kh6 59. Kf5 Kg7 60.
Ke6 1-0

[Event "British Chess Championship 2010"]
[Site "Canterbury ENG"]
[Date "2010.08.02"]
[Round "7.1"]
[White "Gordon, Stephen J"]
[Black "Adams, Michael"]
[Result "0-1"]
[WhiteElo "2534"]
[BlackElo "2706"]
[PlyCount "58"]
[EventDate "2010.07.27"]
[EventType "swiss"]
[EventRounds "11"]
[EventCountry "ENG"]
[Source "lmi"]
[SourceDate "2010.07.25"]

1. d4 Nf6 2. c4 e6 3. g3 d5 4. Nf3 Bb4+ 5. Bd2 Bd6 6. Bg2 c6 7. Qc2 Nbd7 8. O-O
O-O 9. Rd1 Qe7 10. Bg5 h6 11. Bxf6 Nxf6 12. Nbd2 e5 13. dxe5 Bxe5 14. cxd5 Nxd5
15. Nxe5 Qxe5 16. Nc4 Qf6 17. e4 Nb6 18. Ne3 Be6 19. f4 Rad8 20. f5 Bc8 21. Ng4
Qe7 22. f6 gxf6 23. Nxh6+ Kg7 24. Nf5+ Bxf5 25. exf5 Rfe8 26. Rxd8 Rxd8 27. Rf1
Rd4 28. b3 Nd7 29. Rd1 Qc5 0-1

[Event "British Chess Championship 2010"]
[Site "Canterbury ENG"]
[Date "2010.08.02"]
[Round "7.2"]
[White "Pert, Nicholas"]
[Black "Houska, Jovanka"]
[Result "1/2-1/2"]
[WhiteElo "2551"]
[BlackElo "2433"]
[PlyCount "53"]
[EventDate "2010.07.27"]
[EventType "swiss"]
[EventRounds "11"]
[EventCountry "ENG"]
[Source "lmi"]
[SourceDate "2010.07.25"]

1. d4 d5 2. c4 c6 3. Nf3 Nf6 4. e3 Bg4 5. Nc3 e6 6. h3 Bxf3 7. Qxf3 Nbd7 8. Bd2
Bb4 9. Bd3 O-O 10. a3 Ba5 11. b4 Bc7 12. O-O dxc4 13. Bxc4 e5 14. Bb3 exd4 15.
exd4 Nb6 16. Be3 Nbd5 17. Nxd5 Nxd5 18. Rfc1 Nxe3 19. fxe3 Kh8 20. b5 cxb5 21.
Qxb7 Ba5 22. Ra2 Qg5 23. Qf3 Rae8 24. Re2 Bb6 25. Rc3 Re7 26. Kh1 g6 27. a4
1/2-1/2

[Event "British Chess Championship 2010"]
[Site "Canterbury ENG"]
[Date "2010.08.02"]
[Round "7.3"]
[White "Conquest, Stuart C"]
[Black "Gormally, Daniel W"]
[Result "1-0"]
[WhiteElo "2523"]
[BlackElo "2480"]
[PlyCount "151"]
[EventDate "2010.07.27"]
[EventType "swiss"]
[EventRounds "11"]
[EventCountry "ENG"]
[Source "lmi"]
[SourceDate "2010.07.25"]

1. c4 e6 2. Nc3 d5 3. d4 Be7 4. cxd5 exd5 5. Bf4 c6 6. e3 Bd6 7. Bxd6 Qxd6 8.
Bd3 Ne7 9. Qc2 g6 10. Nge2 Bf5 11. Bxf5 Nxf5 12. Qb3 Qe7 13. O-O O-O 14. Rfe1
b6 15. Rac1 Nd7 16. Qa4 Rfc8 17. Nf4 Qd6 18. Qa6 Rc7 19. Nd3 Re8 20. h3 Nf6 21.
Ne5 Nd7 22. Nf3 Nf6 23. Rc2 Ne4 24. Rec1 Nxc3 25. Rxc3 Rec8 26. a3 Qe7 27. b4
Kg7 28. Qa4 c5 29. bxc5 bxc5 30. Qa5 Nd6 31. Rxc5 Rxc5 32. Rxc5 Nc4 33. Qc3 Qe6
34. Rxc8 Qxc8 35. Qb4 Qe6 36. Qc5 a6 37. Ne1 a5 38. Nf3 Qe4 39. Kh2 h6 40. a4
Qe6 41. Qc7 Nb6 42. Ne5 Nxa4 43. Qxa5 Nb6 44. Qa6 Nc4 45. Qxe6 fxe6 46. Kg3 Nd6
47. f3 g5 48. Kf2 h5 49. g4 hxg4 50. hxg4 Kf6 51. Ke2 Ke7 52. Kd3 Kd8 53. Kc3
Kc7 54. Kb4 Kd8 55. Kc5 Ke7 56. Ng6+ Kd7 57. Nf8+ Ke7 58. Ng6+ Kd7 59. Nf8+ Ke7
60. Nh7 Nc4 61. e4 Nd2 62. exd5 Nxf3 63. d6+ Kd8 64. Nf6 e5 65. d5 Nd2 66. d7
Kc7 67. d6+ Kd8 68. Kd5 Nf3 69. Ke4 Nh4 70. Kxe5 Nf3+ 71. Kf5 Nh2 72. Ke6 Nf3
73. Ne4 Nd4+ 74. Kd5 Nb5 75. Nc5 Nxd6 76. Ke6 1-0

[Event "British Chess Championship 2010"]
[Site "Canterbury ENG"]
[Date "2010.08.02"]
[Round "7.4"]
[White "Hunt, Adam C"]
[Black "Williams, Simon K"]
[Result "1/2-1/2"]
[WhiteElo "2408"]
[BlackElo "2511"]
[PlyCount "100"]
[EventDate "2010.07.27"]
[EventType "swiss"]
[EventRounds "11"]
[EventCountry "ENG"]
[Source "lmi"]
[SourceDate "2010.07.25"]

1. e4 c5 2. Nf3 d6 3. d4 cxd4 4. Nxd4 Nf6 5. Nc3 Nc6 6. Bg5 e6 7. Qd2 a6 8.
O-O-O Bd7 9. f3 Be7 10. Kb1 Rc8 11. h4 h6 12. Be3 h5 13. Qf2 Qc7 14. Rg1 Ne5
15. Nb3 b5 16. Bb6 Qb8 17. Ba7 Qa8 18. Bd4 b4 19. Ne2 a5 20. Nf4 a4 21. Nc1 Nc6
22. Be3 b3 23. cxb3 axb3 24. a3 Qa4 25. Nfe2 Na5 26. Rd4 Qc6 27. Nc3 d5 28. Bb5
Qb7 29. Bxd7+ Qxd7 30. exd5 exd5 31. Qe2 Rxc3 32. bxc3 O-O 33. Bg5 Re8 34. Qd3
Qa7 35. Re1 Nc4 36. Rxc4 dxc4 37. Qxc4 Qxa3 38. Bxf6 Ra8 39. Qxb3 Qa1+ 40. Kc2
Bxf6 41. Qc4 Qa7 42. Qb5 Kf8 43. Qb4+ Be7 44. Qe4 Rd8 45. Rd1 Rb8 46. Rd5 Bf6
47. Qc4 Kg8 48. Rc5 Qb7 49. Qb3 Qa7 50. Qc4 Qb7 1/2-1/2

[Event "British Chess Championship 2010"]
[Site "Canterbury ENG"]
[Date "2010.08.02"]
[Round "7.5"]
[White "Wells, Peter K"]
[Black "Littlewood, Paul E"]
[Result "1/2-1/2"]
[WhiteElo "2488"]
[BlackElo "2361"]
[PlyCount "117"]
[EventDate "2010.07.27"]
[EventType "swiss"]
[EventRounds "11"]
[EventCountry "ENG"]
[Source "lmi"]
[SourceDate "2010.07.25"]

1. d4 Nf6 2. c4 g6 3. Nc3 Bg7 4. e4 d6 5. Nf3 O-O 6. Be2 Nbd7 7. O-O e5 8. Be3
Re8 9. d5 Nh5 10. g3 Bf8 11. Ne1 Ng7 12. Nd3 f5 13. f3 Be7 14. Qd2 Nf6 15. Bh6
fxe4 16. fxe4 Bh3 17. Rxf6 Bxf6 18. g4 Bh4 19. Qe3 Bxg4 20. Bxg4 Rf8 21. c5 Qe7
22. c6 b6 23. Kh1 Rf6 24. Rg1 Raf8 25. Qh3 Bf2 26. Nxf2 Rxf2 27. Bg5 Qe8 28.
Bd7 Qb8 29. Nd1 R2f3 30. Qg4 b5 31. Bh6 Rf1 32. Qg5 Rxg1+ 33. Kxg1 Qb6+ 34. Ne3
Qa6 35. Ng2 Qxa2 36. h4 Qxb2 37. Qe7 Qf2+ 38. Kh2 Qf6 39. Qxf6 Rxf6 40. Bg5 Rf8
41. Be7 Ra8 42. Bxd6 cxd6 43. c7 Ne8 44. c8=Q Rxc8 45. Bxc8 Nf6 46. Ba6 Nxe4
47. Bxb5 Kf7 48. Ne3 Nd2 49. Ba6 Kf6 50. Kg3 h5 51. Bb5 a5 52. Be8 g5 53. Bxh5
gxh4+ 54. Kxh4 a4 55. Nc2 e4 56. Be8 Ke5 57. Bxa4 Kxd5 58. Kg3 Kc4 59. Kf2
1/2-1/2

[Event "British Chess Championship 2010"]
[Site "Canterbury ENG"]
[Date "2010.08.02"]
[Round "7.7"]
[White "Summerscale, Aaron P"]
[Black "Constantinou, Peter"]
[Result "1/2-1/2"]
[WhiteElo "2428"]
[BlackElo "2302"]
[PlyCount "64"]
[EventDate "2010.07.27"]
[EventType "swiss"]
[EventRounds "11"]
[EventCountry "ENG"]
[Source "lmi"]
[SourceDate "2010.07.25"]

1. d4 d5 2. c4 c6 3. Nc3 Nf6 4. e3 a6 5. Nf3 b5 6. b3 Bg4 7. h3 Bxf3 8. gxf3 e6
9. c5 Nbd7 10. f4 g6 11. Bd3 Bg7 12. Qc2 Ng8 13. Bb2 Ne7 14. Ne2 a5 15. Ng1 Nf5
16. Nf3 Nh4 17. Ne5 Nxe5 18. fxe5 f6 19. exf6 Nf3+ 20. Ke2 Qxf6 21. Raf1 O-O
22. Kd1 a4 23. b4 a3 24. Bc3 Qe7 25. h4 Nxh4 26. Rh3 Rf3 27. Rh2 Rf7 28. Rfh1
Bf6 29. f4 Nf5 30. Rh3 Ra7 31. Kc1 Kf8 32. Qg2 Bh8 1/2-1/2

[Event "British Chess Championship 2010"]
[Site "Canterbury ENG"]
[Date "2010.08.02"]
[Round "7.8"]
[White "Dorrington, Chris J"]
[Black "Hawkins, Jonathan"]
[Result "1/2-1/2"]
[WhiteElo "2255"]
[BlackElo "2423"]
[PlyCount "130"]
[EventDate "2010.07.27"]
[EventType "swiss"]
[EventRounds "11"]
[EventCountry "ENG"]
[Source "lmi"]
[SourceDate "2010.07.25"]

1. d4 Nf6 2. c4 g6 3. Nc3 Bg7 4. e4 d6 5. Nf3 O-O 6. Be2 e5 7. O-O Nc6 8. d5
Ne7 9. b4 Nh5 10. Re1 a5 11. bxa5 Rxa5 12. Nd2 Nf4 13. Bf1 b6 14. a4 Bd7 15.
Nb3 Ra8 16. Bd2 f5 17. g3 Nh5 18. a5 bxa5 19. Rxa5 Rxa5 20. Nxa5 Qb8 21. Qa1
Nf6 22. Bg2 Qe8 23. c5 Nxe4 24. Nxe4 fxe4 25. cxd6 Nxd5 26. dxc7 Qf7 27. Bxe4
Qxf2+ 28. Kh1 Be6 29. Qd1 Qf7 30. Bg2 Qxc7 31. Qc1 Rc8 32. Qxc7 Rxc7 33. Rb1
Rc2 34. Rd1 Nc3 35. Bxc3 Rxc3 36. Nb7 Kf8 37. Nd6 Bh6 38. Ne4 Rc4 39. h4 Ke7
40. Re1 Rc1 41. Rxc1 Bxc1 42. Bf3 h6 43. Kg2 Be3 44. g4 Bb3 45. Ng3 Bf4 46. Nh1
Kd6 47. Be4 g5 48. hxg5 hxg5 49. Nf2 Kc5 50. Kf3 Kd4 51. Bf5 Be3 52. Ne4 Bd5
53. Bg6 Kd3 54. Bf5 Bd4 55. Bg6 Be3 56. Bf5 Bf4 57. Bg6 Kc2 58. Kf2 Kc1 59. Bf5
Bc4 60. Bg6 Bd2 61. Kf3 Bd3 62. Bf5 Bf4 63. Kf2 Kd1 64. Nc3+ Kc2 65. Ne4 Bxe4
1/2-1/2

[Event "British Chess Championship 2010"]
[Site "Canterbury ENG"]
[Date "2010.08.02"]
[Round "7.9"]
[White "Mason, Donald J"]
[Black "Bates, Richard A"]
[Result "1/2-1/2"]
[WhiteElo "2219"]
[BlackElo "2382"]
[PlyCount "84"]
[EventDate "2010.07.27"]
[EventType "swiss"]
[EventRounds "11"]
[EventCountry "ENG"]
[Source "lmi"]
[SourceDate "2010.07.25"]

1. d4 Nf6 2. c4 g6 3. Nc3 Bg7 4. e4 d6 5. Nf3 O-O 6. Be2 Na6 7. O-O e5 8. Be3
Ng4 9. Bg5 Qe8 10. Re1 exd4 11. Nd5 c6 12. Ne7+ Kh8 13. Nxc8 Rxc8 14. Nxd4 Nf6
15. Bf1 Qe5 16. Nf3 Qc5 17. Rc1 Rce8 18. Bd3 Ng4 19. Qd2 Qb4 20. Re2 Qxd2 21.
Rxd2 Nc5 22. h3 Nf6 23. Bxf6 Bxf6 24. b4 Nxe4 25. Bxe4 Rxe4 26. Rxd6 Kg7 27.
Rd7 Re7 28. Rcd1 Rfe8 29. R1d3 Rxd7 30. Rxd7 Re7 31. Rxe7 Bxe7 32. a3 Kf6 33.
Kf1 Kf5 34. Ke2 Ke4 35. Kd2 h6 36. Kc2 Bd8 37. Ne1 Bb6 38. c5 Bc7 39. Kc3 a5
40. Kc4 axb4 41. axb4 Be5 42. Nf3 Bf6 1/2-1/2

[Event "British Chess Championship 2010"]
[Site "Canterbury ENG"]
[Date "2010.08.02"]
[Round "7.10"]
[White "Arkell, Keith C"]
[Black "Ledger, Dave J"]
[Result "1-0"]
[WhiteElo "2465"]
[BlackElo "2233"]
[PlyCount "81"]
[EventDate "2010.07.27"]
[EventType "swiss"]
[EventRounds "11"]
[EventCountry "ENG"]
[Source "lmi"]
[SourceDate "2010.07.25"]

1. d4 Nf6 2. Nf3 g6 3. c4 Bg7 4. g3 O-O 5. Bg2 d6 6. O-O c6 7. Nc3 Qa5 8. e4
Bg4 9. h3 Bxf3 10. Bxf3 Nfd7 11. Be3 c5 12. e5 Nc6 13. Bxc6 bxc6 14. exd6 exd6
15. dxc5 Ne5 16. Qe2 Qb4 17. cxd6 Nxc4 18. Nd1 Nxe3 19. Nxe3 Qxd6 20. Nc4 Qd7
21. Kh2 Rfe8 22. Qc2 Re6 23. Rfe1 Bd4 24. Rxe6 Qxe6 25. Rc1 Rd8 26. Rd1 Rd5 27.
Rd2 c5 28. Re2 Qf6 29. Qe4 Rf5 30. f4 Qa6 31. b3 Rf6 32. Qe8+ Kg7 33. h4 Qb7
34. Qe4 Qb4 35. Qf3 a5 36. Re8 Ra6 37. Qd5 Qc3 38. Re7 Qc2+ 39. Kh3 Qf5+ 40.
Qxf5 gxf5 41. a4 1-0

[Event "British Chess Championship 2010"]
[Site "Canterbury ENG"]
[Date "2010.08.02"]
[Round "7.11"]
[White "Greet, Andrew N"]
[Black "Anderson, John"]
[Result "1-0"]
[WhiteElo "2451"]
[BlackElo "2208"]
[PlyCount "99"]
[EventDate "2010.07.27"]
[EventType "swiss"]
[EventRounds "11"]
[EventCountry "ENG"]
[Source "lmi"]
[SourceDate "2010.07.25"]

1. d4 e6 2. c4 Nf6 3. g3 c5 4. d5 exd5 5. cxd5 d6 6. Nf3 g6 7. Nc3 Bg7 8. Bg2
O-O 9. O-O a6 10. a4 Re8 11. Nd2 Nbd7 12. h3 Rb8 13. Nc4 Ne5 14. Nxe5 Rxe5 15.
b3 b5 16. axb5 axb5 17. Bb2 Re7 18. b4 Nd7 19. Qc2 cxb4 20. Ne4 Ne5 21. Qb3 Bf5
22. Qxb4 Nc4 23. Bxg7 Kxg7 24. Nc3 Bd7 25. Rfc1 f5 26. e3 Qb6 27. Rab1 Ne5 28.
Ne2 Be8 29. Nd4 Kg8 30. Nc6 Bxc6 31. Qxd6 Qc7 32. Qxc7 Rxc7 33. dxc6 Kf7 34.
Rc5 Ke6 35. Rbxb5 Rxb5 36. Rxb5 Ra7 37. Rb2 Ra1+ 38. Kh2 Rc1 39. f4 Nc4 40. Re2
Nd6 41. g4 h6 42. Kg3 Rc3 43. Kf2 h5 44. g5 h4 45. Rd2 Nc4 46. Bd5+ Ke7 47.
Bxc4 Rxc4 48. Rd7+ Ke6 49. Rg7 Rc2+ 50. Kf3 1-0

[Event "British Chess Championship 2010"]
[Site "Canterbury ENG"]
[Date "2010.08.02"]
[Round "7.12"]
[White "Rich, Mark C"]
[Black "Slavin, Alexei"]
[Result "0-1"]
[WhiteElo "2166"]
[BlackElo "2417"]
[PlyCount "104"]
[EventDate "2010.07.27"]
[EventType "swiss"]
[EventRounds "11"]
[EventCountry "ENG"]
[Source "lmi"]
[SourceDate "2010.07.25"]

1. e4 c5 2. c3 d5 3. exd5 Qxd5 4. d4 g6 5. Be3 cxd4 6. cxd4 Nf6 7. Nc3 Qa5 8.
Bc4 Bg7 9. h3 O-O 10. Nf3 Nbd7 11. Qd2 Nb6 12. Bb3 Rd8 13. Ne5 Nbd5 14. Nxd5
Qxd2+ 15. Bxd2 Nxd5 16. Rc1 Be6 17. O-O a5 18. Rfe1 a4 19. Bxd5 Bxd5 20. a3
Rdc8 21. Rxc8+ Rxc8 22. Rc1 Rxc1+ 23. Bxc1 Kf8 24. Bd2 Ke8 25. f3 b6 26. Kf2 f6
27. Nd3 Kd7 28. f4 Bh6 29. g4 Bc4 30. Ne1 Kc6 31. g5 Bg7 32. Nc2 Kd5 33. Ke3
Bf1 34. h4 Kc4 35. Bc3 fxg5 36. fxg5 e6 37. Nb4 Bf8 38. Kf4 Bd6+ 39. Kf3 Bh3
40. Nc2 Kb3 41. Nb4 Bf5 42. d5 e5 43. Ke3 Kc4 44. Be1 Bc5+ 45. Kf3 Bd4 46. Bc3
Bxc3 47. bxc3 Kxc3 48. d6 Kb2 49. Nd5 Kxa3 50. Nxb6 Kb3 51. d7 Bxd7 52. Nxd7 a3
0-1

[Event "British Chess Championship 2010"]
[Site "Canterbury ENG"]
[Date "2010.08.02"]
[Round "7.13"]
[White "Rendle, Thomas E"]
[Black "Haydon, David L"]
[Result "1/2-1/2"]
[WhiteElo "2391"]
[BlackElo "2187"]
[PlyCount "51"]
[EventDate "2010.07.27"]
[EventType "swiss"]
[EventRounds "11"]
[EventCountry "ENG"]
[Source "lmi"]
[SourceDate "2010.07.25"]

1. e4 c6 2. Nf3 d5 3. exd5 cxd5 4. Ne5 Nc6 5. d4 Nxe5 6. dxe5 e6 7. Bd3 Ne7 8.
O-O Bd7 9. Be3 Qc7 10. f4 g6 11. Na3 Nf5 12. Bf2 Bc5 13. Qd2 h5 14. Bxc5 Qxc5+
15. Qf2 Qxf2+ 16. Kxf2 Ke7 17. c3 Ba4 18. Nc2 Bxc2 19. Bxc2 Rac8 20. Rad1 b5
21. Bxf5 gxf5 22. Rd4 a5 23. a3 Rhg8 24. Rfd1 Rc4 25. Kf3 a4 26. R1d3 1/2-1/2

[Event "British Chess Championship 2010"]
[Site "Canterbury ENG"]
[Date "2010.08.02"]
[Round "7.14"]
[White "Jaunooby, Ali R"]
[Black "Baker, Chris W"]
[Result "1-0"]
[WhiteElo "2155"]
[BlackElo "2307"]
[PlyCount "37"]
[EventDate "2010.07.27"]
[EventType "swiss"]
[EventRounds "11"]
[EventCountry "ENG"]
[Source "lmi"]
[SourceDate "2010.07.25"]

1. d4 d5 2. Nf3 c6 3. c3 Bf5 4. Nh4 Bxb1 5. Rxb1 e5 6. Qb3 exd4 7. Qxb7 Nd7 8.
Qxc6 dxc3 9. bxc3 Rc8 10. Qa6 Rxc3 11. g3 Qc7 12. Bf4 Bb4 13. Kd1 Qc5 14. Nf5
Ba3 15. Nxg7+ Kf8 16. Nf5 Ne7 17. Qh6+ Ke8 18. Nd6+ Kd8 19. Nb7+ 1-0

[Event "British Chess Championship 2010"]
[Site "Canterbury ENG"]
[Date "2010.08.02"]
[Round "7.15"]
[White "Cumbers, Paul"]
[Black "Tymrakiewicz, Rafal"]
[Result "0-1"]
[WhiteElo "2218"]
[BlackElo "2301"]
[PlyCount "84"]
[EventDate "2010.07.27"]
[EventType "swiss"]
[EventRounds "11"]
[EventCountry "ENG"]
[Source "lmi"]
[SourceDate "2010.07.25"]

1. d4 Nf6 2. c4 g6 3. Nc3 d5 4. Nf3 Bg7 5. Qb3 dxc4 6. Qxc4 O-O 7. e4 Bg4 8.
Be3 a6 9. Qb3 b5 10. a4 Nc6 11. axb5 axb5 12. Rxa8 Qxa8 13. Bxb5 Qa1+ 14. Nd1
Qa5+ 15. Bd2 Qb6 16. Qa4 Bxf3 17. gxf3 Nxd4 18. Be2 Nh5 19. Qc4 Qf6 20. Qd3 Rd8
21. h4 e5 22. Bg5 Nf4 23. Bxf6 Nxd3+ 24. Bxd3 Nxf3+ 25. Ke2 Nd4+ 26. Kd2 Bxf6
27. Kc3 h5 28. Ne3 c6 29. Ng2 Be7 30. f4 exf4 31. Nxf4 Bf6 32. Kc4 Nf3 33. Rf1
Nd2+ 34. Kc5 Be5 35. Bc4 Nxf1 36. Nxg6 Bd6+ 37. Kxc6 Ne3 38. Ba2 Bg3 39. Ne7+
Kf8 40. Nd5 Nxd5 41. exd5 Bxh4 42. b4 Bg3 0-1

[Event "British Chess Championship 2010"]
[Site "Canterbury ENG"]
[Date "2010.08.02"]
[Round "7.16"]
[White "Adair, James"]
[Black "Griffiths, Ryan Rhys"]
[Result "1/2-1/2"]
[WhiteElo "2205"]
[BlackElo "2249"]
[PlyCount "115"]
[EventDate "2010.07.27"]
[EventType "swiss"]
[EventRounds "11"]
[EventCountry "ENG"]
[Source "lmi"]
[SourceDate "2010.07.25"]

1. e4 c5 2. Nf3 d6 3. d4 cxd4 4. Nxd4 Nf6 5. Nc3 a6 6. h3 Nc6 7. g4 Qb6 8. Nb3
e6 9. Be3 Qc7 10. f4 Be7 11. Qe2 b5 12. Bg2 Nd7 13. O-O-O O-O 14. g5 b4 15. Na4
a5 16. Qf2 Ba6 17. Bf1 Qb7 18. Bxa6 Rxa6 19. Nd2 Rc8 20. Kb1 Na7 21. Nf3 Nb5
22. Nd4 Nxd4 23. Rxd4 Rac6 24. Rh2 Rc4 25. Qf3 Rxd4 26. Bxd4 e5 27. fxe5 Nxe5
28. Qf4 Rc6 29. Rf2 Bf8 30. b3 g6 31. Qe3 Nd7 32. Qf4 Ne5 33. Qe3 Bg7 34. Rd2
Qb5 35. Nb2 Qf1+ 36. Rd1 Qg2 37. Rd2 Qf1+ 38. Rd1 Qg2 39. Rd2 Qf3 40. Rd3 Qxe3
41. Rxe3 h6 42. gxh6 Bxh6 43. Re2 Nf3 44. Be3 Bxe3 45. Rxe3 Rc3 46. Rd3 Rxd3
47. cxd3 Ng5 48. h4 Nf3 49. Nc4 Nxh4 50. Nxd6 f5 51. exf5 Nxf5 52. Nc4 g5 53.
Kc2 Kf7 54. Nxa5 Nd4+ 55. Kd2 Ke6 56. Ke3 Kd5 57. Nc4 Nb5 58. Nb6+ 1/2-1/2